000 00662cam a2200193 i 4500
005 20251113100857.0
008 250721s2004 sy gr 000 0 ara d
082 1 4 _a189.33
_b در و
100 1 _aالدرويش، عيد
_eمؤلف.
245 1 2 _aالإمام الغزالي :
_bبين العقل والنقل /
_cعيد الدرويش.
264 3 1 _aدمشق :
_bمؤسسة علاء الدين،
_c2004.
300 _a211 صفحة.
490 0 _aدراسات فلسفية.
650 1 7 _aالفلسفة الإسلامية.
650 1 7 _aفلسفة الغزالي.
830 0 _aدراسات فلسفية.
942 _2ddc
_cBK
999 _c91533
_d91533